000 00324nam a2200097Ia 4500
008 220120s9999||||xx |||||||||||||| ||und||
100 _aKiran Kumar, V
_912126
245 0 _aVideo piracy detection using digitel watermorting
260 _aCoorg Institute of Technology
_bPonnampet
_c2008
650 _aELECTRONICS AND COMMUNICATIONS
999 _c137711
_d137711